000 00531nam a22001817a 4500
999 _c4404
_d4404
003 GBCCL
005 20241126110517.0
008 180119b xxu||||| |||| 00| 0 eng d
020 _a0805413634
040 _cgbc
082 _a228.06
_bBEA
100 _aBeasley-Murray, G.R.
_98264
245 _aRevelation:
_bThree Viewpoints /
_cG.R. Beasley-Murray, Et.al.
260 _bBroadman Press,
_aNashville:
_c1977
300 _a248 p.;
_c21 cm.
650 _aBible
_vRevelation
_vCriticism, Interpretation, etc.
_98265
942 _2ddc
_cBK
_07